French books of hours: making and archive of prayer, C. 1400-1600/

Saved in:
Bibliografiske detaljer
Hovedforfatter: REINBURG, Virginia
Format: Bog
Sprog:engelsk
Udgivet: Cambridge University press, 2012
Tags: Tilføj Tag
Ingen Tags, Vær først til at tagge denne postø!

MARC

LEADER 00000nam a22000007a 4500
008 210817b ||||| |||| 00| 0 eng d
020 |a ISBN: 978-1-107-46006-5 
100 |a REINBURG, Virginia 
245 |a French books of hours:   |b making and archive of prayer, C. 1400-1600/  |g . xiv, 297p; ill. 
260 |b Cambridge University press,  |c  2012  |h  Virginia Reinburg.- New York  |i 696455 – Arts.  |i 696456  |l BX2080 .R27  |m 1. Books of hour – France.  |m 2. Books and reading – Social aspects – France – History  |m I. Title. 
500 |a “It includes index and references” 
942 |a ddc  |c BK  |e j. o. ifatola  |f 17/ 08/ 2021 
952 |0 0  |1 0  |2 lcc  |4 0  |6 BX2080 R27  |7 0  |9 3079  |a ART  |b HOL  |c AF  |d 2021-08-17  |l 0  |o BX2080 .R27  |p 2021-66777  |r 2021-08-17 00:00:00  |w 2021-08-17  |y BK 
952 |0 0  |1 0  |2 lcc  |4 0  |6 BX2080 R27  |7 0  |9 3080  |a ART  |b HOL  |c AF  |d 2021-08-17  |l 0  |o BX2080 .R27  |p 2021-66778  |r 2021-08-17 00:00:00  |w 2021-08-17  |y BK 
999 |c 1560  |d 1560